000 00890nam a2200217 i 4500
001 168983
003 ES-MaACL
005 20250809063534.0
008 080711s1976 sp |||| | spa d
080 _a382(460:65)"18"
080 _a382(65:460)"18"
100 1 _aVilar, Juan Bautista,
_d1941-2018
_9114797
245 1 0 _aRelaciones diplomáticas y comerciales hispano-argelinas en las postrimerías de la Argelia otomana /
_cJuan Bta. Vilar.
260 _a[Madrid] :
_bInstituto "Jerónimo Zurita",
_c1976.
300 _aP. [623]-638 ;
_c24 cm.
595 _aTirada aparte de: Hispania: revista española de historia, t. XXXVI, 1976, p. 623-638.
651 4 _aArgelia-
_xRelaciones-
_zEspaña.
_97805
651 4 _aEspaña-
_xRelaciones-
_zArgelia.
_98456
852 _aES-MaACL
_j2232-F-20
_z. - Dedicatoria autógrafa del autor al Ateneo de Madrid
999 _c168983
_d168983